| 000 | 00487nam a22001337a 4500 | ||
|---|---|---|---|
| 082 | _aMSEE-4 | ||
| 100 |
_aSana Ahmed _915772 |
||
| 245 | _aDesign and Implementation of Planar Multiband Antenna for 4G LTE Applications | ||
| 260 |
_aIslamabad _bNUST-SEECS _c2015 |
||
| 300 |
_a48p.: _b27cm.+ _eCD-ROM |
||
| 500 | _aSupervisors: Farooq Ahmad Tahir Dr. Munir Ahmad Tarar Dr. Hammad M. Cheema Mr. Ahsan Azhar | ||
| 856 | _uhttp://10.250.8.41:8080/xmlui/handle/123456789/8636 | ||
| 942 |
_cPR _2ddc |
||
| 999 |
_c13171 _d13171 |
||